Sleep Habits and Predictors of Sleep Disturbances. (Record no. 8476)
[ view plain ]
| 000 -LEADER | |
|---|---|
| fixed length control field | 01039cam a22001934a 4500 |
| 005 - ΗΜΕΡΟΜΗΝΙΑ ΚΑΙ ΩΡΑ ΤΕΛΕΥΤΑΙΑΣ ΕΝΗΜΕΡΩΣΗΣ | |
| Πεδίο ελέγχου | 20250605164337.0 |
| 008 - FIXED-LENGTH DATA ELEMENTS--GENERAL INFORMATION | |
| Πεδίο ελέγχου σταθερού μήκους | 250528s ||||||||||||||||||||||||d |
| 035 ## - SYSTEM CONTROL NUMBER | |
| System control number | 23466 |
| 040 ## - ΠΗΓΗ ΚΑΤΑΛΟΓΟΓΡΑΦΗΣΗΣ | |
| Φορέας πρωτότυπης καταλογογράφησης | MC Athens Campus Library |
| Γλώσσα καταλογογράφησης | Ελληνικά, Μοντέρνα (1453-) |
| Modifying agency | MC Athens Campus Library |
| Κανόνες περιγραφικής καταλογογράφησης | AACR2 |
| 245 1# - ΤΙΤΛΟΣ ΚΑΙ ΔΗΛΩΣΗ ΥΠΕΥΘΥΝΟΤΗΤΑΣ | |
| Τίτλος | Sleep Habits and Predictors of Sleep Disturbances. |
| 260 ## - PUBLICATION, DISTRIBUTION, ETC. | |
| Date of publication, distribution, etc. | 2010 |
| 300 ## - PHYSICAL DESCRIPTION | |
| Extent | 45 |
| 520 ## - SUMMARY, ETC. | |
| Summary, etc. | Introduction, Theories of Sleep, Sleep Phtsiology, Sleep and Wakefulness, The Sleeo Wake Cycle, Phases and Stages of Sleep State, Duration of Sleep, Sleep and Influencing, Factors, Sleep and Gender, Sleep and Age, Sleep and Neurotransitters, Sleep and Health, Sleep and Physiscal Health, Enhancing and Compromising Helath Behaviors, Sleep Mood and Stress, Sleep Disorders, Major Sleep Disorders, Sleep Deprivation and Functioning, Treatmrnt of Sleep Disorders, Conclusions, Rationale, Methodology, Hypothesses, Partipants, Procedure, Ethical Considerations, References. |
| 700 1# - ΠΡΟΣΘΕΤΗ ΑΝΑΓΡΑΦΗ--ΦΥΣΙΚΟ ΠΡΟΣΩΠΟ | |
| Personal name | Louka Penelope |
| 9 (RLIN) | 9017 |
| 700 1# - ΠΡΟΣΘΕΤΗ ΑΝΑΓΡΑΦΗ--ΦΥΣΙΚΟ ΠΡΟΣΩΠΟ | |
| Personal name | Malliou Ioanna |
| 9 (RLIN) | 9034 |
| 942 ## - ADDED ENTRY ELEMENTS (KOHA) | |
| Koha item type | Διπλωματική εργασία |
| Τύπος τεκμηρίου | Βιβλιοθήκη | Τρέχουσα τοποθεσία | Barcode | Ημερομηνία απόκτησης | Ταξιθετικό σύμβολο | Αριθμός αντιτύπου | Κατάσταση απόσυρσης | Κατάσταση χαμένου | Κατάσταση κατεστραμμένου | Μη δανεισμός | Σύνολο δανεισμών | Ημερομηνία τελευταίας εμφάνισης | Η τιμή ισχύει από |
|---|---|---|---|---|---|---|---|---|---|---|---|---|---|
| Διπλωματική εργασία | MC Athens Campus Library | MC Athens Campus Library | 9780000084750 | 05/06/2025 | PSY 2010 (9) | 1 | 05/06/2025 | 05/06/2025 |